000 00639nam a2200241 i 4500
001 C2-0234139
003 PPAK
005 20180727194655.0
008 010630s1991 enk |||| ||||| | eng d
020 _a0099848309
040 _aPPAK
_beng
_cPPAK
_erda
082 0 4 _a950
_223
090 0 0 _a950
_bSTA
_dKSF
100 1 _aStark, Freya,
_eauthor
245 1 0 _aEast is west
264 1 _aLondon :
_bArrow Books Ltd. ,
_c1991
300 _axviii, 218 pages ;
_c20 cm
336 _2rdacontent
_atext
337 _2rdamedia
_aunmediated
338 _2rdacarrier
_avolume
650 1 0 _aAsia - Description and travel, 1981-
942 _ddc
_cB
999 _c50453
_d50453